Normal view
MARC view
Entry Personal Name
001 - CONTROL NUMBER
- control field: 16644
003 - CONTROL NUMBER IDENTIFIER
- control field: BD-RjUL
005 - DATE AND TIME OF LATEST TRANSACTION
- control field: 20250825104432.0
008 - FIXED-LENGTH DATA ELEMENTS
- fixed length control field: 250825|| aca||aabn | a|a d
040 ## - CATALOGING SOURCE
- Original cataloging agency: BD-RjUL
- Transcribing agency: BD-RjUL
100 ## - HEADING--PERSONAL NAME
- Personal name: Herbst, By Robert
670 ## - SOURCE DATA FOUND
- Source citation: Work cat.: (BD-RjUL)85561: Dictionary of Commercial Financial and Legal Terms,, 1958